Tekken 2 Characters - Statistics

General Stats
  • This quiz has been taken 123 times
  • The average score is 21 of 25
Answer Stats
Hint Answer % Correct
Default characters Marshall Law
97%
Default characters Heihachi Mishima
96%
Final Bosses Devil Kazuya
94%
Default characters Jack-2
94%
Default characters Nina Williams
94%
Default characters Jun Kazama
93%
Default characters Yoshimitsu
93%
Main Sub Bosses Kazuya Mishima
91%
Default characters Paul Phoenix
91%
Sub Bosses Kuma
90%
Default characters Wulong Lei
90%
Default characters King
88%
Sub Bosses Anna Williams
87%
Default characters Michelle Chang
87%
Final Bosses Angel
85%
Sub Bosses Kunimitsu
85%
Sub Bosses Chaolan Lee
84%
Sub Bosses Armor King
81%
Sub Bosses Doo-San Baek
76%
Sub Bosses Ganryu
76%
Sub Bosses Jinrei Wang
76%
Sub Bosses Prototype Jack
76%
Bonus Roger
74%
Bonus Alex
72%
Sub Bosses Bruce Irvin
72%
No matching quizzes found
Score Distribution
Percent of People with Each Score
Percentile by Number Answered
Your Score History
You have not taken this quiz